Zdraží nám gáblík?

Otázky zdaňovania stravovacích služieb vrámci kapitoly dane vo vyjednávaniach Českej republiky s EÚ. Poslanecký návrh na ponechanie zvýhodnenej daňovej sadzby.

Na minha lista:
Detalhes bibliográficos
Autor principal: Blažek, Petr
Formato: Capítulo de Livro
Idioma:tcheco
Assuntos:
Tags: Adicionar Tag
Sem tags, seja o primeiro a adicionar uma tag!

MARC

LEADER 00000naa a2200000 4500
001 r044730
005 20231004070248.4
041 0 |a cze 
044 |a CZ 
245 1 0 |a Zdraží nám gáblík?  |c Petr Blažek 
520 |a Otázky zdaňovania stravovacích služieb vrámci kapitoly dane vo vyjednávaniach Českej republiky s EÚ. Poslanecký návrh na ponechanie zvýhodnenej daňovej sadzby. 
610 2 0 |a spolupráca hospodárska medzinárodná 
610 2 0 |a Európska únia 
610 2 0 |a dane 
610 2 0 |a reštaurácie 
610 2 0 |a Česko 
610 2 0 |a služby 
610 2 0 |a stravovanie spoločné 
100 1 |a Blažek, Petr